书目信息 |
| 题名: |
电视机用集电路
|
|
| 作者: | 刘耀骐 , 许纯如 编著 | |
| 分册: | ||
| 出版信息: | 北京 人民邮电出版社 1980 |
|
| 页数: | 187页 | |
| 开本: | 20cm | |
| 丛书名: | ||
| 单 册: | ||
| 中图分类: | TK43 | |
| 科图分类: | ||
| 主题词: | 内燃机--气体燃料 | |
| 电子资源: | ||
| ISBN: | ||
| 000 | 00590nam0 2200205 450 | |
| 001 | 0633027545 | |
| 005 | 20060414091339.23 | |
| 010 | @dCNY0.61 | |
| 100 | @a20060414d1980 km y0chiy0120 ea | |
| 101 | 0 | @achi |
| 102 | @aCN@b110000 | |
| 200 | 1 | @a电视机用集电路@Adian shi ji yong ji dian lu@f刘耀骐,许纯如编著@Fliu yao qi,xu chun ru bian zhu |
| 210 | @a北京@c人民邮电出版社@d1980 | |
| 215 | 1 | @a187页@d20cm |
| 606 | 0 | @a内燃机@x气体燃料 |
| 690 | @aTK43@v4 | |
| 701 | 0 | @a刘耀骐@Aliu yao qi@4编著 |
| 701 | 0 | @a许纯如@Axu chun ru@4编著 |
| 801 | 0 | @aCN@bPFT@c20060414 |
| 905 | @a10447@dTK43@e24 | |
| 电视机用集电路/刘耀骐,许纯如编著.-北京:人民邮电出版社,1980 |
| 187页;20cm |
| ISBN :CNY0.61 |
| ● |
| 相关链接 |
|
|
|
|
正题名:电视机用集电路
索取号:TK43/24
 
预约/预借
| 序号 | 登录号 | 条形码 | 馆藏地/架位号 | 状态 | 备注 |
| 1 | 0082883 | 202258804 | 密集书库/ [索取号:TK43/24] | 在馆 |